| 000 | 00608nam a2200217 a 4500 | ||
|---|---|---|---|
| 005 | 20230602063611.0 | ||
| 008 | 160405s2001 mx r 000 0 spa d | ||
| 020 | _a968867124X | ||
| 035 | _aUPN01000209191 | ||
| 049 | _aCG | ||
| 050 | 4 |
_aPQ7298.435 H3.7 _bH3.2 |
|
| 100 | 1 |
_aYhared, Niña, _d1977- _939218 |
|
| 245 | 1 | 0 |
_aHadas de mar / _cNiña Yhared. |
| 260 |
_aMéxico : _bColofón, _c2001. |
||
| 300 |
_b137 p. : _eil. |
||
| 440 | 0 |
_aNarrativa erótica de colofón ; _v1 |
|
| 650 | 4 |
_aCuentos mexicanos _96937 |
|
| 650 | 2 |
_aErotismo en la literatura _913634 |
|
| 905 | _aLibro | ||
| 999 |
_c181292 _d181292 |
||